[Event "IND-ch U15 Girls"]
[Site "New Delhi"]
[Date "2010.09.05"]
[Round "2"]
[White "Michelle, Catherina P"]
[Black "Aarudhra, Ganesh"]
[Result "1-0"]
[WhiteElo "1988"]
[BlackElo "1677"]
[PlyCount "81"]
[EventDate "2010.09.04"]
[EventType "swiss"]
[EventRounds "11"]
[EventCountry "IND"]
[SourceTitle "CBM 138 Extra"]
[Source "ChessBase"]
[SourceDate "2010.10.29"]
[SourceVersion "1"]
[SourceVersionDate "2010.10.29"]
[SourceQuality "1"]

1. e4 c5 2. Nf3 d6 3. d4 cxd4 4. Nxd4 Bd7 5. c4 Nc6 6. Nc3 g6 7. Be3 Bg7 8. Be2 Nf6 9. 0-0 0-0 10. Qd2 a6 11. f3 Rc8 12. Rac1 Rc7 13. Rfd1 Qc8 14. Kh1 Be6 15. b3 Nxd4 16. Bxd4 Nd7 17. Bxg7 Kxg7 18. f4 Nf6 19. Rf1 Bd7 20. e5 dxe5 21. fxe5 Ng8 22. Nd5 Rc6 23. Bf3 Be6 24. Nf4 Rc7 25. Nxe6+ Qxe6 26. Qf4 Nh6 27. Bd5 Qc8 28. Rf3 Qg4 29. Qd2 e6 30. h3 Qh5 31. Bxe6 Qxe5 32. Re1 Qc5 33. Bd5 Nf5 34. Rxf5 gxf5 35. Qg5+ Kh8 36. Qf6+ Kg8 37. Re5 Qd4 38. Qxf5 h6 39. Qg6+ Kh8 40. Qxh6+ Kg8 41. Rg5+ 1-0